[Event "It (open)"]
[Site "masterchessopen.com – Bad Wiessee (Germany)"]
[Date "2001.10.28"]
[Round "2"]
[White "Sturua Zurab (GEO)"]
[Black "Kuempers Ulrich (GER)"]
[Result "1-0"]
[WhiteElo "2571"]
[BlackElo "2194"]

1.c4 Nf6 2.Nc3 d6 3.d4 e5 4.Nf3 Nbd7 5.e4 g6 6.Be2 Bg7 7.O-O O-O 8.Re1 c6
9.Bf1 a5 10.Rb1 Re8 11.d5 Nc5 12.b3 Rf8 13.a3 cxd5 14.cxd5 Bd7 15.Nd2 Ne8
16.a4 f5 17.Ba3 Rc8 18.Nc4 fxe4 19.Bxc5 dxc5 20.Nxe4 Bf5 21.d6 Kh8 22.Rb2 Bxe4
23.d7 Bf5 24.dxc8=Q Qxc8 25.Rd2 e4 26.Nxa5 Nf6 27.Nc4 Qc7 28.h3 h5 29.Ne3 h4
30.Bc4 Nh7 31.Rd5 Qf7 32.Qd2 Ng5 33.Nxf5 gxf5 34.Qxg5 {#r} 1-0

[Event "It (b)"]
[Site "masterchessopen.com – Serpukhov (Russia)"]
[Round "4"]
[White "Chasovnikova Eugenia (RUS)"]
[Black "Cherkasova Marina (RUS)"]
[Result "1-0"]
[WhiteElo "2263"]
[BlackElo "2176"]

1.d4 Nf6 2.c4 d6 3.Nf3 g6 4.Nc3 Bg7 5.e4 O-O 6.Be2 Nbd7 7.O-O e5 8.Re1 c6
9.Bf1 a5 10.d5 Nc5 11.b3 Bd7 12.h3 cxd5 13.cxd5 b5 14.Bg5 Qb6 15.Nd2 Nh5 16.a4
b4 17.Nb5 Bxb5 18.axb5 Nf4 19.Be7 Nfd3 20.Nc4 Qa7 21.Bxf8 Nxe1 22.Rxa5 {#r}
1-0

[Event "It (juniors)"]
[Site "masterchessopen.com – St. Petersburg (Russia)"]
[Round "6"]
[White "Pankov German (RUS)"]
[Black "Nguyen Artur (RUS)"]
[Result "0-1"]
[WhiteElo "2171"]
[BlackElo "2037"]

1.d4 Nf6 2.c4 d6 3.Nc3 g6 4.e4 Bg7 5.Nf3 O-O 6.Be2 e5 7.O-O Nbd7 8.Re1 c6
9.Bf1 a5 10.Be3 Re8 11.a3 Qc7 12.d5 Ng4 13.Bd2 Qb6 14.Qe2 f5 15.h3 Ngf6 16.b4
axb4 17.axb4 Rxa1 18.Rxa1 Nxe4 19.Nxe4 fxe4 20.Ng5 cxd5 21.cxd5 Qd4 22.Ra8 Nf6
23.Qe3 Qxe3 24.Bxe3 h6 25.Ne6 Bxe6 26.Rxe8+ Nxe8 27.dxe6 Kf8 28.Bc4 Nf6 29.b5
d5 30.Bc5+ Ke8 31.Be2 Bf8 32.Bxf8 Kxf8 33.b6 Ne8 34.Bb5 Nd6 35.Bd7 Ke7 36.Kf1
Kd8 37.Ke2 Nc4 38.Bc6 Nxb6 39.Bxb7 Ke7 40.Bc6 Kxe6 41.Be8 Kf6 42.Bc6 Kf5 43.g3
Ke6 44.Be8 g5 45.Bg6 Kd6 46.Bf5 {#R} 0-1

[Event "Landesliga South 2002/03"]
[Site "masterchessopen.com – Germany"]
[Date "2002.11.17"]
[Round "2"]
[White "Bromberger Stefan (GER)"]
[Black "Eitel Harald (GER)"]
[Result "1-0"]
[WhiteElo "2417"]
[BlackElo "2264"]

1.d4 Nf6 2.c4 g6 3.Nc3 Bg7 4.e4 d6 5.Nf3 O-O 6.Be2 Nbd7 7.O-O e5 8.Re1 c6
9.Bf1 a5 10.Rb1 exd4 11.Nxd4 Nc5 12.Bf4 Re8 13.f3 Nh5 14.Be3 Qh4 15.g3 Nxg3
16.Bf2 Be5 17.Bg2 Ne2+ 18.Rxe2 Qxh2+ 19.Kf1 Bh3 20.Bg1 Qh1 21.Bxh3 Bxd4
22.Qxd4 Qxf3+ 23.Ke1 Qxh3 24.Kd2 Re6 25.Rbe1 Rae8 26.Kc2 Qg4 27.Bh2 f5 28.Bxd6
Nxe4 29.Nxe4 Rxe4 30.Rxe4 Rxe4 31.Rxe4 Qxe4+ 32.Qxe4 fxe4 33.Kd2 Kf7 34.Ke3
Ke6 35.Bc7 Kf5 36.Bxa5 h5 37.Bc7 h4 38.b4 b5 39.cxb5 cxb5 40.Bd8 g5 {#r} 1-0

[Event "Cup European Club (final)"]
[Site "masterchessopen.com – Rethymnon (Greece)"]
[Round "1"]
[White "Dawson Gary (WLS)"]
[Black "Sonntag Hans-Hubert (GER)"]
[Result "0-1"]
[WhiteElo "2018"]
[BlackElo "2389"]

1.d4 Nf6 2.c4 g6 3.Nc3 Bg7 4.e4 d6 5.Nf3 O-O 6.Be2 e5 7.O-O Nbd7 8.Re1 c6
9.Bf1 a5 10.Rb1 Re8 11.d5 Nc5 12.b3 Bd7 13.a3 cxd5 14.cxd5 b5 15.b4 axb4
16.axb4 Na4 17.Qb3 Nxc3 18.Qxc3 Qb6 19.Be3 Qb7 20.Nd2 Ng4 21.Bg5 h6 22.Bh4 f5
23.h3 Nf6 24.f3 Rec8 25.Qb2 Qa7+ 26.Bf2 Qa2 27.Bd3 Qxb2 28.Rxb2 Nxd5 29.exd5
e4 30.Rb3 exd3 31.Re7 Ra1+ 32.Kh2 Be5+ 33.g3 Be8 34.Rxd3 Kf8 35.Ra7 Rxa7
36.Bxa7 Rc3 37.Re3 Bf7 38.Kg2 Bxd5 39.Kf1 Bxg3 {#R} 0-1

[Event "It (juniors)"]
[Site "masterchessopen.com – Hallsberg (Sweden)"]
[Round "2"]
[White "Olsson Linus (SWE)"]
[Black "Heberla Bartlomiej (POL)"]
[Result "0-1"]
[WhiteElo "2289"]
[BlackElo "2443"]

1.d4 Nf6 2.c4 g6 3.Nc3 Bg7 4.e4 O-O 5.Nf3 c6 6.Bd3 d6 7.O-O e5 8.Re1 Nbd7
9.Bf1 a5 10.Rb1 Re8 11.d5 Nc5 12.Nd2 Qb6 13.h3 Nh5 14.Nf3 Qc7 15.a3 f5 16.b4
axb4 17.axb4 Nxe4 18.Nxe4 fxe4 19.Ng5 Nf6 20.Rb3 cxd5 21.cxd5 Bd7 22.Ra3 Rxa3
23.Bxa3 Qc3 24.Re3 Qd4 25.Qb3 Rc8 26.b5 Qxd5 27.Bxd6 Qxb3 28.Rxb3 h6 29.b6
hxg5 30.Ba6 Bc6 31.Bc4+ Bd5 {#R} 0-1

[Event "It (open)"]
[Site "masterchessopen.com – Osijek (Croatia)"]
[Round "1"]
[White "Feletar Darko (CRO)"]
[Black "Sitaric Andjelko (CRO)"]
[Result "1-0"]
[WhiteElo "2402"]
[BlackElo "2076"]

1.Nf3 Nf6 2.c4 g6 3.Nc3 Bg7 4.e4 d6 5.d4 O-O 6.Be2 Nbd7 7.O-O c6 8.Re1 e5
9.Bf1 a5 10.Rb1 Qe7 11.b3 exd4 12.Nxd4 Nc5 13.f3 Nh5 14.Be3 Be5 15.Qd2 Qf6
16.Nce2 Ne6 17.Nxe6 fxe6 18.Bg5 Qf7 19.Red1 Nf6 20.Qe3 Ne8 21.c5 Qc7 22.Bh6
Rf7 23.f4 Bg7 24.Bxg7 Kxg7 25.cxd6 Qd8 26.e5 Bd7 27.Nd4 Kh8 28.Nf3 Ng7 29.Ng5
Rf8 30.Kh1 Nh5 31.g3 h6 32.Ne4 Kh7 33.Bd3 Qe8 34.Rf1 Rf7 35.g4 Ng7 36.Nf6+
Rxf6 37.exf6 {#r} 1-0

[Event "Extra League 2003/04"]
[Site "masterchessopen.com – Czech Republic"]
[Date "2004.02.08"]
[Round "7"]
[White "Babula Vlastimil (CZE)"]
[Black "Mista Aleksander (POL)"]
[Result "1-0"]
[WhiteElo "2571"]
[BlackElo "2487"]

{ Babula Vlastimil (CZE) +1 =1 -0 } 1.d4 { 1 } 1...d6 2.Nf3 g6 3.c4 Bg7 4.e4
Nf6 5.Nc3 O-O 6.Be2 Nbd7 7.O-O e5 8.Re1 c6 9.Bf1 a5 10.dxe5 dxe5 11.Na4 Qe7
12.Qc2 { ?/= } ( 12.b3 Rd8 13.Qc2 Nf8 14.h3 Ne6 15.c5 Nd7 16.Rd1 Nd4 17.Nxd4
exd4 18.Bb2 Nf8 19.g3 g5 20.Bg2 Ng6 21.Rd2 g4 22.Nb6 gxh3 23.Nxc8 Qe6 24.Nd6
hxg2 25.Kxg2 Qg4 26.Rh1 d3 27.Qd1 Nf4+ 28.Kf1 Qe2+ 29.Qxe2 dxe2+ 30.Ke1 Bxb2
31.gxf4 Bc3 { ...1/2-1/2, Babula Vlastimil 2575 - Firt Stanislav 2345 , Czech
Republic 1998 Moravian League 1997/98 } ) 12...b6 ( 12...Nc5 13.Nxc5 Qxc5
14.Be3 Qe7 15.h3 c5 16.Nd2 { 1/2-1/2, Schussler Harry 2420 - Nemet Ivan 2460 ,
Hamburg 1980 It } ) 13.c5 ( 13.Be3 Rb8 14.c5 Ng4 ( 14...b5 15.Nb6 a4 { } )
15.Bg5 f6 16.Bd2 b5 17.Nb6 a4 18.h3 Nh6 19.Be3 Nf7 20.b3 Bh6 21.Bxh6 Nxh6
22.Nxd7 Bxd7 23.bxa4 bxa4 24.Red1 Rfd8 25.Rd6 Kg7 26.Bc4 Be8 27.Rad1 Bf7
28.Qxa4 Bxc4 29.Qxc4 Nf7 30.Rxd8 Rxd8 31.Rb1 Ra8 32.Rb6 Nd8 { ...1-0, Grigore
George 2485 - Sanchez, Creon 1997 It (open) } ) 13...b5 14.Nb6 Nxb6 { N } (
14...Rb8 15.Be3 Ng4 16.Bd2 Qxc5 17.Qxc5 Nxc5 18.Bxa5 f5 19.Rac1 Nxe4 20.h3
Ngf6 21.Rxc6 Bb7 22.Bxb5 Bxc6 23.Bxc6 Rxb6 24.Bxb6 Rb8 25.Be3 Rxb2 26.a4 Nc3
27.Nxe5 Nfd5 28.Bd4 Rd2 29.Bxc3 Nxc3 30.Nf3 Re2 31.Kf1 Ra2 32.g4 fxg4 33.Re8+
Kf7 34.hxg4 { ...1-0, Epishin Vladimir 2570 - Cladouras Panagiotis 2390 , Bad
Wiessee 1997 It (open) } ) 15.cxb6 Ba6 16.a4 Rfc8 17.Be3 Bb7 18.Nd2 Bf8 19.f3
Nd7 20.Nb3 b4 21.Rac1 c5 22.Bb5 Nxb6 23.Nxc5 Bc6 24.Qe2 Qe8 { ?! } ( 24...Nd7
{ !? } 25.Na6 Nb8 26.Nxb8 Bxb5 { } ) 25.Na6 Bxb5 26.axb5 Qd8 { ?! } (
26...Rxc1 { !? } 27.Rxc1 Qd8 28.Rc6 Nd7 { } ) 27.Nc7 Rab8 28.Red1 Qh4 29.Rc6
Na8 30.b6 a4 31.Rd7 a3 32.bxa3 bxa3 33.Bf2 Qh6 34.Qc4 Kh8 35.g3 Qh3 36.Rxf7
Nxc7 37.Rcxc7 Ra8 38.b7 Rd8 39.Rxf8+ Rxf8 40.bxa8=Q { } {#r} 1-0

[Event "It (open) \"]
[Site "masterchessopen.com – Moscow (Russia)"]
[Date "2005.02.16"]
[Round "2"]
[White "Zhang Weida (CHN)"]
[Black "Guliev Sarhan (AZE)"]
[Result "0-1"]
[WhiteElo "2420"]
[BlackElo "2484"]

1.c4 Nf6 2.Nc3 g6 3.Nf3 Bg7 4.d4 O-O 5.e4 d6 6.Be2 e5 7.O-O Nbd7 8.Re1 c6
9.Bf1 a5 10.Rb1 exd4 11.Nxd4 Re8 12.f3 d5 13.cxd5 cxd5 14.Ndb5 dxe4 15.fxe4
Qe7 16.Bf4 Ne5 17.Qd6 Bd7 18.Qxe7 Rxe7 19.Nc7 Rc8 20.N3d5 Nxd5 21.exd5 Rxc7
22.d6 Nf3+ 23.gxf3 Rxe1 24.Rxe1 Rc2 25.Bd3 Bd4+ 26.Kh1 Rxb2 27.h4 Bf6 28.h5
Rxa2 29.h6 Ra1 30.Bb1 a4 31.Rc1 a3 32.Rc7 a2 {#R} 0-1

[Event "It (open)"]
[Site "masterchessopen.com – Marseilles (France)"]
[Round "5"]
[White "Maleki Manuel (FRA)"]
[Black "Chabanon Jean-Luc (FRA)"]
[Result "0-1"]
[WhiteElo "2118"]
[BlackElo "2413"]

1.Nf3 Nf6 2.c4 g6 3.Nc3 Bg7 4.e4 d6 5.d4 O-O 6.Be2 Nbd7 7.O-O e5 8.Re1 c6
9.Bf1 a5 10.d5 Nc5 11.Nd2 Bd7 12.Nb3 Na6 13.dxc6 Bxc6 14.f3 a4 15.Nd2 Qb6+
16.Kh1 Qf2 17.Ndb1 Nh5 18.Na3 f5 19.Nab5 f4 20.b3 axb3 21.axb3 Nc5 22.Ba3 Ne6
23.Re2 Qh4 24.Rd2 Nd4 25.Nxd4 exd4 26.Nd5 Bxd5 27.cxd5 d3 28.Bb2 Bxb2 29.Rxb2
Qf6 30.Rba2 Ng3+ 31.hxg3 fxg3 32.Bxd3 Qh4+ 33.Kg1 Qh2+ 34.Kf1 Qh1+ 35.Ke2
Rxa2+ 36.Rxa2 Qxg2+ {#R} 0-1

[Event "Cup Independence (open) (b)"]
[Site "masterchessopen.com – Kiev (Ukraine)"]
[Date "2005.08.03"]
[Round "2"]
[White "Perun Sergey (UKR)"]
[Black "Kan Igor (UKR)"]
[Result "1-0"]
[WhiteElo "2355"]
[BlackElo "2219"]

1.d4 Nf6 2.Nf3 g6 3.c4 Bg7 4.Nc3 O-O 5.e4 d6 6.Be2 e5 7.O-O Nbd7 8.Re1 c6
9.Bf1 a5 10.Rb1 exd4 11.Nxd4 Nc5 12.f3 Nfd7 13.Be3 f5 14.exf5 gxf5 15.Qd2 Qf6
16.Nde2 Ne5 17.Nf4 a4 18.Kh1 Qh4 19.Qxd6 Ne4 20.fxe4 Ng4 21.Nh3 Be5 22.Qd2 f4
23.Bg1 Be6 24.Rbd1 Rf6 25.Ne2 Raf8 26.Nd4 Bxd4 27.Bxd4 Rg6 28.Bg1 f3 29.g3 Qh5
30.Nf4 Rxf4 31.Qxf4 Qxh2+ 32.Bxh2 Nf2+ 33.Kg1 {#r} 1-0

[Event "Ch Moscow Region (open)"]
[Site "masterchessopen.com – Dubna (Russia)"]
[Date "2006.08.06"]
[Round "4"]
[White "Gulkov Igor A (RUS)"]
[Black "Dzhangobegov Vladimir (RUS)"]
[Result "1-0"]
[WhiteElo "2355"]
[BlackElo "2143"]

1.Nf3 Nf6 2.c4 d6 3.d4 g6 4.Nc3 Bg7 5.e4 O-O 6.Be2 Nbd7 7.O-O e5 8.Re1 c6
9.Bf1 a5 10.Rb1 exd4 11.Nxd4 Nc5 12.Bf4 Re8 13.f3 Nh5 14.Be3 Qh4 15.Qd2 Be5
16.g3 Nxg3 17.hxg3 Bxg3 18.Re2 Re5 19.Rh2 Bxh2+ 20.Qxh2 Qf6 21.Rd1 Ne6 22.Bg2
Ng7 23.Nde2 Re6 24.Nf4 Re8 25.Qh6 Nf5 26.exf5 Rxe3 27.Nh5 Qe5 28.f6 Re1+
29.Rxe1 Qxe1+ 30.Bf1 {#r} 1-0

[Event "It (open) \"]
[Site "masterchessopen.com – Rodatychi (Ukraine)"]
[Date "2006.08.30"]
[Round "6"]
[White "Razin Vadim (UKR)"]
[Black "Stepaniuk Alexander (UKR)"]
[Result "1-0"]
[WhiteElo "2176"]
[BlackElo "2319"]

1.d4 Nf6 2.Nf3 g6 3.c4 Bg7 4.Nc3 O-O 5.e4 d6 6.Be2 Nbd7 7.O-O e5 8.Re1 c6
9.Bf1 a5 10.Rb1 Re8 11.b3 exd4 12.Nxd4 Ng4 13.Qxg4 Bxd4 14.Qg3 Qf6 15.Bb2 Nc5
16.Rbd1 Be5 17.Qe3 Ne6 18.Ba1 g5 19.Na4 Qh6 20.Bxe5 dxe5 21.Nb6 Rb8 22.Rd6 Qg7
23.Qg3 Nf4 24.c5 Be6 25.Red1 h5 26.Qc3 h4 27.Nd7 Ra8 28.Nb6 Rab8 29.Qxa5 Kh7
30.Bc4 h3 31.Bxe6 Nxe6 32.gxh3 Qg6 33.Nd7 Ra8 34.Qc3 Qg7 35.Qf3 g4 36.Qf5+ Kh8
37.hxg4 Nf4 38.Nf6 Rf8 39.Qxe5 Nh3+ 40.Kf1 Qg5 41.Qg3 Nf4 42.h4 Qe5 43.Nh5 Ng6
44.Rxg6 {#r} 1-0

[Event "Czech League 2006/07 (1st) East"]
[Site "masterchessopen.com – Czech Republic"]
[Date "2006.12.10"]
[Round "4"]
[White "Polak Tomas (CZE)"]
[Black "Skacelik Petr (CZE)"]
[Result "1-0"]
[WhiteElo "2483"]
[BlackElo "2248"]

1.d4 Nf6 2.c4 g6 3.Nc3 Bg7 4.e4 d6 5.Nf3 O-O 6.Be2 Nbd7 7.O-O e5 8.Re1 c6
9.Bf1 a5 10.h3 Qe7 11.Bg5 h6 12.Be3 b6 13.Rc1 Bb7 14.d5 c5 15.g3 Ne8 16.Qd2
Kh7 17.Nh4 Bc8 18.Be2 Ndf6 19.Kg2 Ng8 20.Rh1 Qd8 21.Qc2 Ne7 22.Rcg1 f5 23.exf5
Nxf5 24.Nxg6 Kxg6 25.g4 e4 26.gxf5+ Bxf5 27.Nxe4 Kh7 28.Bd3 Qd7 29.Kf1 Kh8
30.Ke2 Qf7 31.Rg3 Be5 32.Rg2 Qh5+ 33.Ke1 Nf6 34.Nxf6 Rxf6 35.Bxf5 Rxf5 36.Qe2
Rf3 37.Rg4 Raf8 38.Rhg1 Qf5 39.Kd2 Bxb2 40.Rg6 Rxh3 41.Qg4 Qxg4 42.R1xg4 Be5
43.a4 Kh7 44.Re6 Rf7 45.Ke2 Bd4 46.Rxd6 Rh2 47.Kd3 Rh3 48.Ke4 Rh5 49.Re6 {#r}
1-0

[Event "Cup Serbia (team)"]
[Site "masterchessopen.com – Mataruska Banja (Serbia)"]
[Date "2007.05.24"]
[Round "4"]
[White "Milanovic Slavisa (MNE)"]
[Black "Rakic Branislav (SRB)"]
[Result "1-0"]
[WhiteElo "2318"]
[BlackElo "2195"]

1.c4 Nf6 2.Nc3 c6 3.e4 d6 4.d4 e5 5.Nf3 Nbd7 6.Be2 g6 7.O-O Bg7 8.Re1 O-O
9.Bf1 a5 10.Rb1 exd4 11.Nxd4 Nc5 12.f3 Re8 13.Be3 Qc7 14.Qd2 Nfd7 15.b3 Ne5
16.Rbc1 a4 17.b4 Ne6 18.Nxe6 Bxe6 19.Nd5 cxd5 20.cxd5 Qd7 21.dxe6 fxe6 22.Red1
Nf7 23.f4 Rec8 24.e5 Rxc1 25.Rxc1 d5 26.Qc3 g5 27.g3 gxf4 28.gxf4 Nh6 29.Bh3
Qf7 30.Qc7 Qg6+ 31.Kf2 d4 32.Bd2 Qd3 33.Bxe6+ Kh8 34.Qc2 Qa3 35.Rg1 Rf8 36.Rg3
{#r} 1-0

[Event "It (open)"]
[Site "masterchessopen.com – Andorra"]
[Date "2007.07.02"]
[Round "3"]
[White "Garcia Roman Daniel (ESP)"]
[Black "Strikovic Aleksa (SRB)"]
[Result "0-1"]
[WhiteElo "2426"]
[BlackElo "2551"]

{ } 1.d4 d6 2.c4 e5 3.Nf3 Nd7 4.Nc3 Ngf6 5.e4 g6 6.Be2 Bg7 7.O-O O-O 8.Re1 c6
9.Bf1 a5 10.h3 exd4 11.Nxd4 Re8 { = } 12.Bf4 ( 12.f3 Nh5 13.Be3 { -0.11 CAP }
) 12...Nc5 13.Qc2 Nh5 ( 13...Nfd7 14.Rad1 Bxd4 15.Rxd4 Ne6 16.Qd2 Nxd4 17.Qxd4
Ne5 18.Rd1 Qe7 19.Qxd6 f6 20.c5 Qxd6 21.Rxd6 Be6 22.Be3 Rad8 23.f4 Rxd6
24.fxe5 Rdd8 25.exf6 Kf7 26.Bg5 h6 27.Bxh6 Kxf6 28.h4 Rd4 29.Kf2 Kf7 30.Be2
Red8 31.Bg5 R8d7 32.Ke1 Rb4 33.Bc1 { ...0-1, Rashkovsky Nukhim N 2510 -
Kochyev Alexander 2490 , Baku 1977 Ch URS (1 liga) } ) 14.Be3 a4 { N } (
14...Nf6 { 1/2-1/2, Sosonko Gennadi 2505 - Tal Mikhail N 2520 , Biel 1976 Izt
(cat.12) } 15.Bf4 ( 15.f3 Nh5 ( 15...a4 16.Rad1 Nfd7 17.Nde2 Qc7 18.Qd2 Ne5
19.Nd4 Qa5 20.f4 Ned7 21.Bf2 Nf8 22.Qc2 { 1/2-1/2, Ghitescu Theodor 2450 -
Toth Bela 2410 , Kecskemet 1972 It } ) 16.Qf2 g5 17.g4 Nf4 18.Rad1 Qf6 19.Nf5
Bxf5 20.exf5 Qh6 21.h4 gxh4 22.Qd2 Rxe3 23.Rxe3 Be5 24.Ne4 Nxe4 25.Rxe4 c5
26.Kh1 Kh8 27.Bd3 Qg5 28.Rg1 Rg8 29.b3 h5 30.Bc2 h3 31.Bd1 b6 32.a3 Qh4 33.Qe3
Qg5 34.Rxe5 { ...1-0, Miltner Arndt 2400 - Werner Clemens 2310 , Baden 1979 Ch
Baden } ) 15...Nh5 16.Be3 Nf6 { 1/2-1/2, Sosonko Gennadi 2505 - Tal Mikhail N
2520 , Biel 1976 Izt (cat.12) } ) ( 14...Qe7 15.Rad1 Bd7 16.g4 Nf6 17.Bf4 h5
18.f3 hxg4 19.hxg4 Nh7 20.Qf2 Be5 21.Be3 Ne6 22.Nxe6 Bxe6 23.Rd2 g5 24.Ne2 Nf8
25.Ng3 Qf6 26.Nh5 Qg6 27.Bd4 Nd7 28.Red1 Nf6 29.Ng3 Bf4 30.Be3 Be5 31.Nf5 Bxf5
32.gxf5 Qh6 33.Bd4 Kg7 34.Bxe5 { ...1/2-1/2, Gebhardt Ulrich 2193 - Kersten
Uwe 2325 , Dortmund 1992 It (open) } ) 15.Rad1 Qa5 16.g4 Nf6 17.Bf4 { +0.00
CAP } 17...h5 18.f3 hxg4 19.hxg4 Bf8 20.Qd2 Nfd7 21.Bh6 Qd8 { ?! } ( 21...Ne5
{ !? } 22.Bxf8 Rxf8 23.Be2 a3 24.b3 Bd7 25.Kg2 { } ) 22.Nde2 { ? } ( { ? }
22.Bxf8 Nxf8 23.Kg2 Qf6 24.Be2 Nfe6 25.Nxe6 Rxe6 26.Rh1 Bd7 27.Qh6 { } )
22...Qb6 { ? } ( 22...Ne5 23.Kg2 Nxc4 24.Qd4 Nxb2 25.Bxf8 Ne6 26.Qxd6 Nxd1
27.Rxd1 Rxf8 28.Qg3 Qb6 29.e5 Qb2 { } ) 23.Bxf8 { ?? } ( 23.Nd4 Bxh6 24.Qxh6
Ne6 25.Qe3 Nxd4 26.Qxd4 Qxb2 27.Re3 Re6 28.Nb5 Qxd4 { } ) 23...Nxf8 { ?? } (
23...Nb3+ 24.Kg2 Nxd2 25.Rxd2 Kxf8 26.Nd4 Ne5 27.Be2 Qc5 28.Rh1 Nxc4 { } )
24.Kg2 Be6 25.Nf4 Rad8 26.Be2 f6 27.Rh1 Qc7 28.Rh6 Qg7 29.Rdh1 g5 30.Rh8+ Qxh8
31.Rxh8+ Kxh8 32.Nh5 Nh7 33.Qd4 Bf7 34.Qd1 { ?! } ( 34.Ng3 { !? } 34...Bg6
35.Bd1 Ne6 36.Qb6 a3 37.bxa3 Re7 38.Nge2 { } ) 34...Bxh5 35.gxh5 a3 36.bxa3
Kg7 37.Qb1 Nf8 38.f4 gxf4 39.Bg4 Nh7 40.Bf5 Ng5 41.h6+ Kf7 42.Qh1 Rh8 43.Qh5+
Ke7 44.Kf1 Rdg8 45.a4 f3 46.a5 Nce6 { ?! } ( 46...Ra8 { !? } 47.h7 Rxa5 48.Qh2
b6 49.Qb2 Ra6 50.Qh2 Nd3 51.Qh6 { } ) 47.h7 { ? } ( 47.Na4 Nd4 48.c5 Nf7 49.h7
Rg2 50.Bh3 Rg5 51.cxd6+ Nxd6 52.Qh4 Re5 53.Qg4 { } ) 47...Nxh7 48.Bxh7 Ng5
49.c5 Rxh7 50.cxd6+ Kxd6 { } {#R} 0-1

[Event "It (open) (b)"]
[Site "masterchessopen.com – Moscow (Russia)"]
[Date "2008.02.03"]
[Round "2"]
[White "Kretov Evgueij (RUS)"]
[Black "Konovalov Vladislav (RUS)"]
[Result "1-0"]
[WhiteElo "2217"]
[BlackElo "2258"]

1.d4 Nf6 2.c4 d6 3.Nf3 Nbd7 4.Nc3 g6 5.e4 e5 6.Be2 Bg7 7.O-O O-O 8.Re1 c6
9.Bf1 a5 10.Rb1 exd4 11.Nxd4 Nc5 12.f3 a4 13.Be3 Qa5 14.Qd2 Re8 15.Nc2 Be6
16.Qxd6 Nfd7 17.Bd4 Bxd4+ 18.Nxd4 Rad8 19.Nxe6 Rxe6 20.Qg3 Qb4 21.f4 Nb6 22.f5
Ree8 23.e5 Nxc4 24.e6 Nd2 25.exf7+ Kxf7 26.fxg6+ hxg6 27.Qf2+ Kg7 28.Rxe8 Rxe8
29.Qxd2 Re7 {#r} 1-0

[Event "Ch City"]
[Site "masterchessopen.com – Novosibirsk (Russia)"]
[Date "2008.02.25"]
[Round "3"]
[White "Makarevich Julia (RUS)"]
[Black "Ignatov Anatoly (RUS)"]
[Result "1-0"]
[WhiteElo "1920"]
[BlackElo "1973"]

1.d4 Nf6 2.c4 g6 3.Nc3 Bg7 4.e4 d6 5.Nf3 O-O 6.Be2 e5 7.O-O c6 8.Re1 Nbd7
9.Bf1 a5 10.Rb1 Re8 11.d5 cxd5 12.Nxd5 Nxd5 13.Qxd5 Nb6 14.Qd1 Bg4 15.b3 Rc8
16.Be3 Qc7 17.Be2 Nd7 18.Nd2 Be6 19.Rc1 f5 20.f3 Nc5 21.exf5 gxf5 22.Nb1 f4
23.Bf2 e4 24.fxe4 Nxe4 25.Bd4 Be5 26.Bh5 Bf5 27.Bxe8 Rxe8 28.Bxe5 Rxe5 29.Rxe4
Bxe4 30.Nc3 Qc5+ 31.Kh1 Bxg2+ 32.Kxg2 Rg5+ 33.Kh1 Qf2 34.Qf1 Qe3 35.Rc2 f3
36.Nd5 Qd4 37.Rf2 Rf5 38.Ne7+ {#r} 1-0

[Event "It (open)"]
[Site "masterchessopen.com – Anapa (Russia)"]
[Round "1"]
[White "Evdokimenko Valentin (RUS)"]
[Black "Karibov Evgeny (RUS)"]
[Result "1-0"]
[WhiteElo "2317"]
[BlackElo "2049"]

1.Nf3 Nf6 2.d4 g6 3.c4 Bg7 4.Nc3 O-O 5.e4 d6 6.Be2 Nbd7 7.O-O e5 8.Re1 c6
9.Bf1 a5 10.Rb1 exd4 11.Nxd4 Re8 12.f3 Nc5 13.b3 Nfd7 14.Be3 Ne5 15.Qd2 Qe7
16.Rbd1 f6 17.a3 Bd7 18.Kh1 Rad8 19.b4 axb4 20.axb4 Ne6 21.Nb3 Bc8 22.Bb6 Rd7
23.Qf2 Bh6 24.g3 Qg7 25.f4 Nf7 26.Na5 Rde7 27.Qd2 Ne5 28.Qg2 Nd7 29.Bf2 f5
30.Qf3 Nf6 31.exf5 gxf5 32.Re2 Ng4 33.Bb6 Qf6 34.Rxd6 Bg7 35.Rd3 Qh6 36.h4 Qf6
37.Nb3 Qf7 38.Rdd2 h6 39.Nd1 Nf8 40.Rd8 {#r} 1-0

[Event "It (open)"]
[Site "masterchessopen.com – Avoine (France)"]
[Date "2009.07.24"]
[Round "7"]
[White "Laurent Julien G (FRA)"]
[Black "Shirazi Kamran (FRA)"]
[Result "0-1"]
[WhiteElo "2320"]
[BlackElo "2384"]

1.d4 Nf6 2.c4 d6 3.Nc3 g6 4.e4 Bg7 5.Nf3 O-O 6.Be2 Nbd7 7.O-O e5 8.Re1 c6
9.Bf1 a5 10.h3 h6 11.Be3 a4 12.Qd2 Kh7 13.Rad1 Qa5 14.Rb1 Re8 15.dxe5 dxe5
16.b4 axb3 17.axb3 Bf8 18.Qb2 Qb4 19.Bd2 Qe7 20.b4 Nh5 21.c5 Ndf6 22.Ra1 Rb8
23.Na4 g5 24.g4 Nf4 25.Nxe5 h5 26.Nf3 Bh6 27.Bxf4 gxf4 28.g5 Rg8 29.h4 Ng4
30.e5 Bxg5 31.Bd3+ Kh6 32.hxg5+ Rxg5 33.Kf1 Be6 34.Qd4 Rd8 35.Qxf4 Rxd3
36.Qxg5+ Qxg5 37.Nxg5 Kxg5 38.Nb2 Rd2 39.Re2 Nh2+ 40.Ke1 Nf3+ {#R} 0-1

[Event "Tournament (Elo) \"]
[Site "masterchessopen.com – Warsaw (Poland)"]
[Date "2010.04.07"]
[Round "1"]
[White "Kurowski Andrzej (POL)"]
[Black "Jarmula Pawel (POL)"]
[Result "0-1"]
[WhiteElo "1860"]
[BlackElo "1977"]

1.Nf3 Nf6 2.c4 g6 3.d4 Bg7 4.Nc3 O-O 5.e4 d6 6.Be2 Nbd7 7.O-O e5 8.Re1 c6
9.Bf1 a5 10.Rb1 Re8 11.d5 c5 12.a3 Nh5 13.b4 axb4 14.axb4 cxb4 15.Rxb4 Nc5
16.Be3 Qa5 17.Bxc5 Qxc5 18.Qb3 f5 19.Na4 Qc7 20.Nb6 Rb8 21.Nxc8 Rexc8 22.Ng5
Bh6 23.Ne6 Qe7 24.exf5 Bd2 25.Rd1 Bxb4 26.Qxb4 gxf5 27.Qb3 Ng7 28.c5 Nxe6
29.cxd6 Nc5 30.dxe7 Nxb3 31.d6 Nc5 32.Bc4+ Kg7 33.d7 Nxd7 34.Rxd7 Kf6 35.e8=Q
Rxe8 36.Rxh7 Rec8 37.Bf1 b5 {#R} 0-1

[Event "It (open)"]
[Site "masterchessopen.com – Brasilia (Brazil)"]
[Date "2010.11.14"]
[Round "5"]
[White "Valle Adriano (BRA)"]
[Black "Shumyatsky Victor (BRA)"]
[Result "1-0"]
[WhiteElo "2289"]
[BlackElo "2338"]

1.d4 Nf6 2.c4 d6 3.Nf3 Nbd7 4.Nc3 e5 5.e4 g6 6.Be2 Bg7 7.O-O O-O 8.Re1 c6
9.Bf1 a5 10.Rb1 exd4 11.Nxd4 Nc5 12.f3 a4 13.Be3 Re8 14.Qd2 Nfd7 15.Nc2 Ne5
16.h3 Be6 17.b3 axb3 18.axb3 f5 19.f4 Nf7 20.Bd4 fxe4 21.Bxg7 Kxg7 22.Qd4+ Qf6
23.Qxf6+ Kxf6 24.b4 Na4 25.Nxe4+ Kg7 26.Nd4 Bd7 27.g4 Nb6 28.g5 h6 29.h4 hxg5
30.hxg5 Rh8 31.Nf6 Rh4 32.Re7 Ra2 33.Rbe1 Rxf4 34.Rxd7 Nxd7 35.Ne6+ Kh8
36.Nxf4 Nde5 37.Nxg6+ Kg7 38.Nxe5 Nxe5 39.Re3 Kg6 40.Ne8 Rd2 41.Nxd6 {#r} 1-0

[Event "Ch City"]
[Site "masterchessopen.com – Rostov on Don (Russia)"]
[Round "1"]
[White "Kulygin Evgeniy (RUS)"]
[Black "Karibov Evgeny (RUS)"]
[Result "0-1"]
[WhiteElo "2134"]
[BlackElo "2070"]

1.d4 Nf6 2.c4 g6 3.Nc3 Bg7 4.e4 O-O 5.Nf3 d6 6.Be2 Nbd7 7.O-O e5 8.Re1 c6
9.Bf1 a5 10.d5 Nc5 11.h3 Qe7 12.Qc2 Nfd7 13.Rb1 f5 14.exf5 gxf5 15.dxc6 bxc6
16.Nd4 Nb8 17.a3 Qf6 18.Nb3 Ne6 19.Na4 Qd8 20.Rd1 Qc7 21.Be3 Nd7 22.Qd3 f4
23.Bc1 Nd4 24.Nxd4 exd4 25.Qe4 Ne5 26.Ra1 Bf5 27.Qe2 Bg6 28.f3 c5 29.Ra2 Rab8
30.Qe1 Rb3 31.Kh1 Qc6 32.Qxa5 Ra8 33.Qe1 Qxa4 34.Bxf4 Re8 35.Qg3 Rxf3 {#R} 0-1